| 000 | 01161cab a22002175a 4500 | ||
|---|---|---|---|
| 001 | L147864 | ||
| 008 | 090624e20090619xxk f v 000 0 eng d | ||
| 035 | _a(Sirsi) u147864 | ||
| 041 | 0 | _aeng | |
| 100 | 1 | _aRoss, Jonathan | |
| 245 | 0 | 0 |
_aHighly charged _bcase news |
| 260 | _c2009 | ||
| 490 | 0 |
_aProperty Week _v75(25) 19 June 2009, 56(1) |
|
| 520 | _aClarifies the steps that managing residential agents need to take to recover service charges and expenditure on key works or under long-term agreements. Peabody Trust (PT) disputed Paddington Walk Management's (PWM) claim of £160 000 for services charges because of the lateness of claims and lack of consultation. "Held": judgment in favour of PT on the points of lateness and lack of consultation. Managing companies must comply strictly with the Landlord and Tenant Act 1985. | ||
| 590 | _aKA | ||
| 650 | 2 | 4 | _aPADDINGTON WALK MANAGEMENT V GOVERNORS OF PEABODY TRUST |
| 650 | 2 | 4 | _aLANDLORD AND TENANT ACT 1985 |
| 651 | 4 |
_aEngland and Wales _y1543- |
|
| 690 | _aPROPERTY-RESIDENTIAL PROPERTY-LEASEHOLD RESIDENTIAL PROPERTY-RESIDENTIAL LANDLORD AND TENANT-RESIDENTIAL SERVICE CHARGES | ||
| 942 | _n0 | ||
| 999 |
_c81656 _d81656 |
||